Information and libraries in the United Kingdom 2000

Enregistré dans:
Détails bibliographiques
Auteur principal: Villa, Patrick
Format: Livre
Langue:anglais
Publié: The British Council 2001
Sujets:
Tags: Ajouter un tag
Pas de tags, Soyez le premier à ajouter un tag!

MARC

LEADER 00000nam a2200000 4500
001 c128848
005 20221124105219.0
020 |a 0-86355-440-7 
041 0 |a eng 
044 |a GB 
245 1 0 |a Information and libraries in the United Kingdom 2000  |c Patrick Villa 
264 1 |b The British Council  |c 2001 
300 |a 47 s. 
610 2 0 |a knižnice 
610 2 0 |a informácie 
610 2 0 |a Veľká Británia 
610 2 0 |a kultúra 
610 2 0 |a informatika 
610 2 0 |a knihovníctvo 
610 2 0 |a údaje štatistické 
610 2 0 |a tabuľky štatistické 
100 1 |a Villa, Patrick